Schweizerisches zivilgesetzbuch vom 10 dezember 1907. (Record no. 140449)

MARC details
000 -LEADER
campo de control de longitud fija 00431nam a2200157 4500
001 - NÚMERO DE CONTROL
campo de control 140449
003 - IDENTIFICADOR DE NÚMERO DE CONTROL
campo de control ES-MaACL
005 - FECHA Y HORA DE LA ÚLTIMA TRANSACCIÓN
campo de control 20230906200059.0
007 - CAMPO FIJO DE DESCRIPCIÓN FÍSICA--INFORMACIÓN GENERAL
campo de control de longitud fija t|
008 - DATOS DE LONGITUD FIJA--INFORMACIÓN GENERAL
campo de control de longitud fija 070214s1908 sp r ||||1| ger d
245 00 - MENCIÓN DEL TÍTULO
Título Schweizerisches zivilgesetzbuch vom 10 dezember 1907.
250 ## - MENCION DE EDICION
Mención de edición ausgabe in deu drei nationalsprachen.
260 ## - PUBLICACIÓN, DISTRIBUCIÓN, ETC.
Lugar de publicación, distribución, etc. Berna :
Nombre del editor, distribuidor, etc. A. Francke,
Fecha de publicación, distribución, etc. 1908.
300 ## - DESCRIPCIÓN FÍSICA
Extensión 618 p. ;
Dimensiones 23 cm.
852 ## - LOCALIZACIÓN
Ubicación ES-MaACL
Número de control de estantería F-7636
Holdings
Estatus retirado Estado de pérdida Estado de daño No para préstamo Biblioteca de origen Biblioteca actual Ubicación en estantería Fecha de adquisición Fuente de adquisición Total de préstamos Signatura topográfica completa Código de barras Visto por última vez Precio de reemplazo Tipo de ítem Koha
        Biblioteca del Ateneo de Madrid Biblioteca del Ateneo de Madrid Sala Pecera Planta 2 17/01/2008     F-7636 1146156 23/02/2023 23/02/2023 Libro impreso